Представление документа в формате MARC21

Поле Инд. ПП Название Значение
Тип записи a
Библиографический уровень m
001 Контрольный номер RU/IS/BASE/130438421
005 Дата корректировки 20220805121049.4
040 b Код языка каталог. rus
041 a Код языка текста rus
080 00 a Индекс УДК 004.42
084 a Индекс другой классификации/Индекс ББК 32.973.26-018.2
090 00 a Полочн. индекс 681.3
c Каталожный индекс 681.3.066
x Авторский знак Б86
097 b Оператор 11
100 10 a Автор Ботт Э.
245 00 a Заглавие Использование Windows 98
b Продолж. заглавия специальное издание
c Ответственность пер. с англ.
260 00 a Место издания М.
b Издательство Вильямс
c Дата издания 1998
300 00 a Объем 896 с.
b Иллюстрации/ тип воспроизводства ил.
510 a Примечание о ссылках Книги и методические пособия
650 a Основная рубрика 50.41 Программное обеспечение вычислительных машин, комплексов и сетей
x Основная подрубрика 50.41.17 Системное программное обеспечение
653 00 a Ключевые слова вычислительные системы; Windows; программирование; программы (выч. техника); программное обеспечение
700 10 a Другие авторы Персон Р.
901 t Тип документа m